| 000 | 00628nam a2200241Ia 4500 | ||
|---|---|---|---|
| 003 | OSt | ||
| 005 | 20221007070826.0 | ||
| 006 | a|||||r|||| 00| 0 | ||
| 007 | ta | ||
| 008 | 221006b |||||||| |||| 00| 0 eng d | ||
| 024 | _a19,168 | ||
| 037 | _cTextual | ||
| 040 |
_aFLL _cFLL _beng |
||
| 041 |
_2eng _aeng |
||
| 082 | _aZ:91, F8 | ||
| 100 |
_aKocourek Albert _9631621 |
||
| 245 | 0 | _aJural relations | |
| 250 | _a2nd | ||
| 260 |
_aIndianapolis _bThe Bobbs-Merrill Co. Publishers Indianpolis _c1928 |
||
| 300 |
_a484p _ccm. |
||
| 942 |
_hZ:91, F8 _cTEXL _2CC |
||
| 999 |
_c1141641 _d1141641 |
||